000 00758nas a2200265 4500
001 BR5500167
003 BR-BrBNA
005 20231205081952.0
007 ta
008 230509b bl.|||p| |||| 00| 00por d
040 _aBR-BrBNA
_bpor
_cBiblioteca Nacional de Agricultura
041 _a(Pt)
072 _aK50
100 1 _aTondo, C.V.
100 1 _aStern, K.G.
245 1 _aEstudo de fluidos biologicos por electroforese em papel
650 _aELETROFORESE
650 _aSORO-SANGUINEO
650 _aFLUIDODINAMICA
650 _aPAPEL
650 _aANALISE QUIMICA
773 0 _tBoletim da Diretoria da Producao Animal (Brazil)
_x
_g(Feb 1955), v. 11(21) p. 16-40
_wBR5500167
909 _a202311
_bLúcia
_c55
_dLúcia Elande
942 _2AGRIS
_n0
_cANA
999 _c88224
_d88224